000 00888nam a2200277 a 4500
001 66529
003 BD-RjUL
005 20211209081542.0
008 170316s2002 n a|||| |||| 001 0 eng d
020 _a0415273404(hbk)
020 _a0419213902(pbk)
035 _a(BD-RjUL)66659
040 _aBD-RjUL
_beng
_cBD-RjUL
041 _aeng
082 _223
_a628.52
_bMEA 2002
245 _aAgricultural pollution :
_benvironmental problems and practical solutions /
_cGraham Merrington...[et all]
250 _a1st ed.
260 _aNew York :
_bSpon Press,
_cc2002.
300 _axiv, 243p. :
_bill. ;
_c23cm.
490 _aSpon's environmental science & engerneering series
500 _aIncludes Indexes
650 _aAgricultural pollution
_9196915
700 _aMerrington, Graham.
_9196916
856 _3Spon's environmental science & engerneering series
942 _2ddc
_cBK
999 _c66529
_d66529